বাবরনামা : (Record no. 11286)
[ view plain ]
| 000 -LEADER | |
|---|---|
| fixed length control field | 00922nam a2200229 a 4500 |
| 001 - CONTROL NUMBER | |
| JCCL Control Number | 11286 |
| 003 - CONTROL NUMBER IDENTIFIER | |
| JCCL marc code | BD-JhCC |
| 005 - DATE AND TIME OF LATEST TRANSACTION | |
| control field | 20211113134021.0 |
| 008 - FIXED-LENGTH DATA ELEMENTS--GENERAL INFORMATION | |
| fixed length control field | 190622s 2016bg |||| ||a| 000 0 ben d |
| 020 ## - INTERNATIONAL STANDARD BOOK NUMBER | |
| International Standard Book Number | 9789847762371 |
| 035 ## - SYSTEM CONTROL NUMBER | |
| system control number | (BD-JhCC)11286 |
| 040 ## - CATALOGING SOURCE | |
| Original cataloging agency | BD-JhCC |
| Modifying agency | BD-JhCC |
| 041 ## - LANGUAGE CODE | |
| Language code of Book | ben |
| 082 ## - DEWEY DECIMAL CLASSIFICATION NUMBER | |
| Author mark and Year | BAB 2016 |
| Classification number | 923.1 |
| 245 ## - TITLE STATEMENT | |
| Title | বাবরনামা : |
| Remainder of title | মোগল স্ম্রাট জহির উদ্-দিন মুহম্মদ জালাল উদ-দিন বাবর বিরচিত / |
| Statement of responsibility, etc | অনুবাদ: মুহম্মদ জালালউদ্দীন বিশ্বাস । |
| 260 ## - PUBLICATION, DISTRIBUTION, ETC. (IMPRINT) | |
| Place of publication, distribution, etc | ঢাকা: |
| Name of publisher, distributor, etc | ঐতিহ্য; |
| Date of publication, distribution, etc | ২০১৬. |
| 300 ## - PHYSICAL DESCRIPTION | |
| Pagination | ২৫৩ পৃ. : |
| Dimensions | ২২ সেমি. |
| 650 ## - SUBJECT ADDED ENTRY--TOPICAL TERM | |
| Topical term or geographic name as entry element | Biography |
| 700 ## - ADDED ENTRY--PERSONAL NAME | |
| Personal name | বিশ্বাস, মুহম্মদ জালালউদ্দীন |
| 942 ## - ADDED ENTRY ELEMENTS (KOHA) | |
| Source of classification or shelving scheme | Dewey Decimal Classification |
| Koha item type | Books |
| Koha issues (borrowed), all copies | 1 |
| Source of classification or shelving scheme | Damaged status | Not for loan | Home library | Current library | Shelving location | Date of accession | Cost, normal purchase price | Total Checkouts | Full call number | Barcode | Date last seen | Date checked out | Copy number | Koha item type |
|---|---|---|---|---|---|---|---|---|---|---|---|---|---|---|
| Dewey Decimal Classification | JCC Rouf Library | JCC Rouf Library | General Stacks | 06/22/2019 | 379.00 | 1 | 923.1 BAB 2016 | 15447 | 12/09/2021 | 11/13/2021 | C-1 | Books |